[Event "Quebec-ch Senior"]
[Site "Montreal"]
[Date "2018.04.21"]
[Round "3.6"]
[White "Mangahas, Ronald"]
[Black "Cote, Claude"]
[Result "0-1"]
[WhiteElo "1938"]
[BlackElo "1581"]
[PlyCount "106"]
[EventDate "2018.04.20"]
[EventType "swiss"]
[EventRounds "5"]
[EventCountry "CAN"]
[SourceTitle "EXT 2022"]
[Source "ChessBase"]
[SourceDate "2021.10.06"]
[SourceVersion "1"]
[SourceVersionDate "2021.10.06"]
[SourceQuality "1"]

1. e4 b6 2. d4 Bb7 3. Nc3 e6 4. f4 c5 5. Nf3 cxd4 6. Nxd4 Nc6 7. Nf3 d6 8. Bd3 a6 9. 0-0 Be7 10. Qe2 Nb4 11. Bc4 Nf6 12. Kh1 0-0 13. Be3 Qc7 14. Bg1 b5 15. Bb3 d5 16. Rad1 dxe4 17. Ng5 Nfd5 18. Ncxe4 Nxf4 19. Qg4 Bxg5 20. Qxg5 Nbd5 21. Nf6+ Nxf6 22. Rxf4 h6 23. Qh4 g5 24. Qxh6 Qxf4 25. Rd3 Ng4 26. Qh5 Kg7 27. Rg3 Rh8 28. Qxg4 Qxg4 29. Rxg4 Kf6 30. a4 bxa4 31. Rxa4 Rh4 32. Ra5 Rg4 33. h3 Rxg2 34. Bd4+ Kg6 35. Bc3 Rxc2+ 36. Kg1 Rc1+ 37. Kh2 Rd8 38. Bc4 Rdd1 39. Re5 Rh1+ 40. Kg3 Rcg1+ 41. Kf2 Rg2+ 42. Ke3 Rxh3+ 43. Kd4 Rh8 44. Bd3+ Kh6 45. Kc5 Rc8+ 46. Kb6 Bd5 47. Re3 g4 48. Bxa6 Rb8+ 49. Kc5 Rbxb2 50. Bxb2 Rxb2 51. Kd4 f6 52. Bc8 Rb4+ 53. Kd3 Rb3+ 0-1

[Event "Montreal Perce Neige"]
[Site "Montreal"]
[Date "2018.04.07"]
[Round "2.5"]
[White "Cote, Claude"]
[Black "Gauthier, Denis"]
[Result "0-1"]
[WhiteElo "1530"]
[BlackElo "1845"]
[PlyCount "74"]
[EventDate "2018.04.??"]
[EventType "swiss"]
[EventRounds "4"]
[EventCountry "CAN"]
[SourceTitle "EXT 2022"]
[Source "ChessBase"]
[SourceDate "2021.10.06"]
[SourceVersion "1"]
[SourceVersionDate "2021.10.06"]
[SourceQuality "1"]

1. e4 c5 2. Nc3 Nc6 3. g3 g6 4. Bg2 Bg7 5. d3 e6 6. f4 d6 7. Nf3 Nge7 8. Ne2 0-0 9. 0-0 Rb8 10. c3 Qc7 11. Bd2 b5 12. Rb1 b4 13. h3 Bd7 14. g4 f5 15. g5 a5 16. Qe1 c4 17. dxc4 fxe4 18. Nfd4 Nxd4 19. Nxd4 Qxc4 20. Qxe4 e5 21. Nf5 Qc5+ 22. Ne3 Bf5 23. cxb4 Bxe4 24. bxc5 Bxb1 25. cxd6 Nf5 26. Bd5+ Kh8 27. Rxb1 Nxd6 28. fxe5 Bxe5 29. b3 Bd4 30. Kg2 Rbe8 31. Bxa5 Rxe3 32. Bb4 Re2+ 33. Kh1 Be5 34. Rd1 Rd8 35. Rf1 Nf5 36. Bg2 Ng3+ 37. Kg1 Bd4+ 0-1

[Event "Quebec-ch Senior"]
[Site "Montreal"]
[Date "2017.04.23"]
[Round "4"]
[White "Cote, Claude"]
[Black "Bouchard, Jean Marc"]
[Result "0-1"]
[WhiteElo "1617"]
[BlackElo "1957"]
[PlyCount "170"]
[EventDate "2017.04.21"]
[EventType "swiss"]
[EventRounds "5"]
[EventCountry "CAN"]
[SourceTitle "EXT 2022"]
[Source "ChessBase"]
[SourceDate "2021.10.06"]
[SourceVersion "1"]
[SourceVersionDate "2021.10.06"]
[SourceQuality "1"]

1. e4 e6 2. d3 b6 3. Nd2 Bb7 4. g3 d5 5. Bg2 c5 6. Qe2 d4 7. f4 Nc6 8. Ngf3 Nf6 9. 0-0 Be7 10. Nc4 Qc7 11. Bh3 Nd7 12. f5 e5 13. Ncd2 f6 14. Rf2 0-0-0 15. a4 Kb8 16. Nc4 Ba6 17. b3 Ka8 18. Na3 Ndb8 19. Nb5 Bxb5 20. axb5 Nb4 21. Ra4 Bd6 22. Qd1 Qd7 23. Nd2 Qxb5 24. Nc4 Kb7 25. Bd2 N8c6 26. Be1 a5 27. Qa1 Bc7 28. Bf1 Qa6 29. Bxb4 Nxb4 30. Ra3 Nc6 31. Rd2 b5 32. Nb2 Qb6 33. Rd1 Ra8 34. Rc1 Kc8 35. Bh3 Kd7 36. Qa2 Nb4 37. Qa1 Ke7 38. Bf1 Nc6 39. Be2 Bd6 40. Qb1 Rhc8 41. Rf1 c4 42. Ra1 c3 43. Nd1 Nb4 44. Nf2 Ra7 45. Qc1 Rca8 46. g4 Kf8 47. Bd1 Kg8 48. g5 fxg5 49. Qxg5 Be7 50. Qh5 Qh6 51. Qxh6 gxh6 52. Ng4 Nc6 53. Nxh6+ Kg7 54. Ng4 Bg5 55. Rf3 h5 56. Nf2 Be3 57. Rg3+ Kf8 58. Bxh5 a4 59. b4 Nxb4 60. Bd1 Rg7 61. Kf1 Rxg3 62. hxg3 Bxf2 63. Kxf2 Nc6 64. g4 Ke7 65. g5 Rg8 66. g6 Kf6 67. Bf3 Rh8 68. Kg2 Ne7 69. Rb1 Rb8 70. Ra1 Ng8 71. Kg3 Kg7 72. Kh4 Nf6 73. Kg3 Rb7 74. Bd1 Ra7 75. Rb1 Ra5 76. Kh4 a3 77. Ra1 b4 78. Ra2 Ra8 79. Kg3 Nd7 80. Kf2 Nc5 81. Bf3 b3 82. cxb3 Nxd3+ 83. Kf1 Nb4 84. f6+ Kxg6 85. Rg2+ Kxf6 0-1

[Event "Montreal op U2000"]
[Site "Montreal"]
[Date "2016.09.10"]
[Round "2.36"]
[White "Tanaka, Taira Tyler"]
[Black "Cote, Claude"]
[Result "1-0"]
[WhiteElo "1813"]
[BlackElo "1566"]
[PlyCount "81"]
[EventDate "2016.09.09"]
[EventType "swiss"]
[EventRounds "5"]
[EventCountry "CAN"]
[SourceTitle "EXT 2022"]
[Source "ChessBase"]
[SourceDate "2021.10.06"]
[SourceVersion "1"]
[SourceVersionDate "2021.10.06"]
[SourceQuality "1"]

1. e4 c5 2. Nf3 d6 3. d4 cxd4 4. Nxd4 Nc6 5. c4 e5 6. Nb5 a6 7. N5a3 Nf6 8. Nc3 Be7 9. Bg5 Nd4 10. Bxf6 Bxf6 11. Nc2 Ne6 12. Nd5 Nf4 13. Nce3 Nxd5 14. Nxd5 0-0 15. Be2 Bd7 16. 0-0 Bc6 17. Qd3 Bxd5 18. Qxd5 Qb6 19. b3 Bd8 20. Rad1 Be7 21. Kh1 Rac8 22. Bh5 g6 23. Be2 Rc5 24. Qd3 Qc7 25. Qf3 Re8 26. Qd3 a5 27. a3 Ra8 28. f4 exf4 29. Rxf4 Re5 30. Rdf1 Rf8 31. b4 axb4 32. axb4 Qd8 33. Qb3 Qe8 34. Bd3 b6 35. c5 dxc5 36. Bc4 Kh8 37. Rxf7 Rxf7 38. Rxf7 Rxe4 39. Qc3+ Rd4 40. Qe1 Rxc4 41. Qe5+ 1-0